<?xml version="1.0" encoding="UTF-8"?>
<collection xmlns="http://www.loc.gov/MARC21/slim">
 <record>
  <leader>01406nam a22002057a 4500</leader>
  <controlfield tag="001">NCT_4_009674</controlfield>
  <controlfield tag="008">240617b        xxu||||| |||| 00| 0 vie d</controlfield>
  <datafield tag="999" ind1=" " ind2=" ">
   <subfield code="c">8426</subfield>
   <subfield code="d">8426</subfield>
  </datafield>
  <datafield tag="020" ind1=" " ind2=" ">
   <subfield code="a">9786043857849</subfield>
  </datafield>
  <datafield tag="082" ind1="0" ind2="4">
   <subfield code="2">23rd ed.</subfield>
   <subfield code="a">658.85</subfield>
   <subfield code="b">S789</subfield>
  </datafield>
  <datafield tag="100" ind1="1" ind2=" ">
   <subfield code="a">Stanley, Colleen</subfield>
  </datafield>
  <datafield tag="245" ind1="1" ind2="0">
   <subfield code="a">Trí tuệ cảm xúc trong kinh doanh =</subfield>
   <subfield code="b">Emotional intelligence for sales success</subfield>
   <subfield code="c">Colleen Stanley; Nguyễn Tư Thắng (dịch)</subfield>
  </datafield>
  <datafield tag="260" ind1=" " ind2=" ">
   <subfield code="a">H.</subfield>
   <subfield code="b">Dân Trí</subfield>
   <subfield code="c">2023</subfield>
  </datafield>
  <datafield tag="300" ind1=" " ind2=" ">
   <subfield code="a">319 tr.</subfield>
   <subfield code="c">21cm</subfield>
  </datafield>
  <datafield tag="520" ind1="3" ind2=" ">
   <subfield code="a">Nội dung sách trình bày cái nhìn tổng quan về trí tuệ cảm xúc trong ngành bán hàng, các nguyên tắc cơ bản của nghệ thuật bán hàng và các khía cạnh khoa học thần kinh của ngành để tăng khả năng chốt giao dịch thành công. Được huấn luyện về cách tìm kiếm khách hàng và bán hàng hiệu quả hơn, xác định những yếu tố thúc đẩy quyết định mua hàng; cách xây dựng mối quan hệ với khách hàng.</subfield>
  </datafield>
  <datafield tag="653" ind1=" " ind2=" ">
   <subfield code="a">Quản trị kinh doanh</subfield>
  </datafield>
  <datafield tag="700" ind1="1" ind2=" ">
   <subfield code="a">Nguyễn Tư Thắng</subfield>
   <subfield code="e">Dịch</subfield>
  </datafield>
  <datafield tag="942" ind1=" " ind2=" ">
   <subfield code="2">ddc</subfield>
   <subfield code="c">BK</subfield>
  </datafield>
  <datafield tag="952" ind1=" " ind2=" ">
   <subfield code="0">0</subfield>
   <subfield code="1">0</subfield>
   <subfield code="2">ddc</subfield>
   <subfield code="4">0</subfield>
   <subfield code="6">658_850000000000000_S789</subfield>
   <subfield code="7">0</subfield>
   <subfield code="9">29086</subfield>
   <subfield code="a">000001</subfield>
   <subfield code="b">000001</subfield>
   <subfield code="d">2024-06-17</subfield>
   <subfield code="o">658.85 S789</subfield>
   <subfield code="p">MD.22477</subfield>
   <subfield code="r">2024-06-17</subfield>
   <subfield code="v">168000.00</subfield>
   <subfield code="w">2024-06-17</subfield>
   <subfield code="y">BK</subfield>
  </datafield>
  <datafield tag="980" ind1=" " ind2=" ">
   <subfield code="a">Thư viện Trường Đại học Nam Cần Thơ</subfield>
  </datafield>
 </record>
</collection>
